| 000 | 00743cab a2200241 4500 | ||
|---|---|---|---|
| 001 | WB3028-15 | ||
| 008 | 090401t1994 xxu||||| |||| 00| 0 eng d | ||
| 035 | _a(Sirsi) u10405 | ||
| 041 | _aeng | ||
| 245 | _aWimpey to build `village` at Royal Dock | ||
| 260 | _c1994 | ||
| 350 | _a0 | ||
| 490 |
_aFinancial Times _v20 july 1994, 10(1) |
||
| 520 | _aWimpey is to construct a £70m open village at Royal Dock. Four development consortia have been invited to bid for an exhibition centre on the Royal Victoria Dock. | ||
| 650 | _aDERELICT LAND | ||
| 650 | _aLONDON DOCKS | ||
| 650 | _aROYAL DOCK | ||
| 650 | _aROYAL VICTORIA DOCK | ||
| 650 | _aWIMPEY | ||
| 690 | _aPROPERTY-PROPERTY DEVELOPMENT | ||
| 942 | _n0 | ||
| 948 | _c04/03/1997 | ||
| 999 |
_c6558 _d6558 |
||